| 000 | 00000cam 2200000zi 4500 |
| 001 | 9.961515 |
| 003 | CaOODSP |
| 005 | 20260525143744 |
| 006 | m o d f |
| 007 | cr bn||||||||| |
| 008 | 260331t20062003onc obf f000 0 eng d |
| 040 | |aCaOODSP|beng|erda|cCaOODSP |
| 043 | |an-cn--- |
| 086 | 1 |aT52-4/284-2006E-PDF |
| 245 | 00|aAircraft leasing procedures manual. |
| 264 | 1|a[Ottawa] : |bTransport Canada = Transports Canada, |c[2006] |
| 264 | 4|c©2003 |
| 300 | |a1 online resource (37 pages) |
| 336 | |atext|btxt|2rdacontent |
| 337 | |acomputer|bc|2rdamedia |
| 338 | |aonline resource|bcr|2rdacarrier |
| 500 | |aIssued also in French under title: Utilisation d'aéronefs loués : manuel des procédures administratives. |
| 500 | |aThis publication is the November 2006 revision of the first edition that was originally issued in July 2003. |
| 500 | |a"TP 13090E (11/2006)." |
| 500 | |a"July 2003." |
| 500 | |a"TC-1000738." |
| 504 | |aIncludes bibliographical references. |
| 520 | |a"The purpose of this manual is to provide administrative procedures to staff who are involved in the process of issuing leasing authorizations and who track or review leasing advisories. Aircraft leasing operations, depending on the application, may involve any combination of the functions of General Aviation, Aircraft Maintenance and Manufacturing, Commercial and Business Aviation, Airline Inspection, and Aircraft Certification. This manual covers all aspects Subpart 203 of the Canadian Aviation Regulations - Operation of Leased Aircraft by a Non-Registered Owner and the accompanying Standard 223 - Standards Respecting the Operation of a Leased Aircraft by a Non-Registered Owner. Subpart 203 leasing operations include air operators operating under Part IV (flight training unit operators), Part VI (private air operators), and Part VII (commercial air operators). …"--General information, page 1. |
| 650 | 0|aAircraft leasing and renting|zCanada|vHandbooks, manuals, etc. |
| 650 | 0|aAircraft leasing and renting|xLaw and legislation|zCanada|vHandbooks, manuals, etc. |
| 655 | 7|aHandbooks and manuals|2lcgft |
| 710 | 1 |aCanada. |bTransport Canada, |eissuing body. |
| 775 | 08|tUtilisation d'aéronefs loués : |w(CaOODSP)9.963048 |
| 856 | 40|qPDF|s102 KB|uhttps://publications.gc.ca/collections/collection_2026/tc/T52-4-284-2006-eng.pdf |
| 986 | |aTP 13090E |
| 986 | |aTC-1000738 |